000 00858cam a22002654a 4500
008
020 _a9780073128993 (pbk.)
049 _aMAIN
090 _aREF RC86.7
_bAEH
100 1 _aAehlert, Barbara.
245 1 0 _aPocket guide to accompany Emergency medical technician :
_bEMT in action /
_cBarbara Aehlert.
260 _aBoston :
_bMcGraw Hill,
_cc2009.
300 _axv, 161 p. :
_bcol. ill. ;
_c10 cm.
500 _aIncludes index.
504 _aIncludes biblographical references.
650 0 _aEmergency medicine.
650 0 _aEmergency medical technicians.
650 1 2 _aEmergency Treatment
_xmethods.
650 2 2 _aEmergency Medical Services
_xmethods.
907 _a.b1031135x
_b14-11-13
_c20-03-12
003
005 20230120191434.0
040 _cNUST
942 _cBOOKS
_kREF RC86.7
_mAEH
999 _c101146
_d101146